000 00386nam a2200157Ia 4500
008 230524s9999 xx 000 0 und d
082 _bJAI
100 _aA.K. Jain
245 0 _aFluid Mechanics Including Hydraulic Machines
250 _a12
260 _aNew Delhi
_bKhanna
_c2014
300 _a"XXIII,1043p;"
500 _aQuantity Number: 1
650 _aMechanics
942 _cBK
999 _c57530
_d57530